Sud e Centro America - Statistics

Statistiche generali
  • Questo quiz è stato fatto 279 volte
  • Il punteggio medio è 19 su 24
Statistiche sulle risposte
Sud America % Corretto
Brasile
97%
Argentina
96%
Cile
94%
Colombia
92%
Uruguay
92%
Venezuela
92%
Paraguay
91%
Bolivia
87%
Peru
87%
Ecuador
84%
Cuba
80%
Panama
80%
Guyana
79%
Suriname
78%
Messico
73%
Honduras
69%
El salvador
67%
Nicaragua
66%
Haiti
65%
Costa Rica
64%
Guatemala
62%
Belize
58%
Repubblica Dominicana
58%
Giamaica
55%
Nessun quiz corrispondente trovato
Distribuzione punteggi
Percentuale di utenti per punteggio
Percentile per numero di risposta
I tuoi punteggi nel tempo
Non hai fatto questo quiz